Je rêve - Zaho de Sagazan - Statistiques

Statistiques générales
  • Ce quiz a été pris 33 fois
  • Le résultat moyen est 208 sur 252
Statistiques - réponses
Réponse % Correct
Je
100%
je
100%
rêve,
100%
rêve
100%
à
95%
de
95%
le
95%
en
89%
es
89%
là,
89%
89%
la
89%
les
89%
oh,
89%
Oh
89%
oh
89%
Oh,
89%
oui
89%
Que
89%
que
89%
Se
89%
tu
89%
avec
84%
des
84%
désespérément
84%
détruire
84%
deux
84%
et
84%
Et
84%
fais
84%
ma
84%
Mais
84%
mais
84%
mes
84%
moi
84%
ne
84%
nos
84%
nous
84%
par
84%
ressasse
84%
souvenirs
84%
temps
84%
tente
84%
yeux
84%
Comment
79%
Entrelacés,
79%
ferme
79%
imaginant
79%
l'amour
79%
L'amour
79%
larmes
79%
pas,
79%
pas
79%
penser
79%
sourire
79%
un
79%
aux
74%
coins
74%
dans
74%
devenir
74%
hier,
74%
l'autre
74%
l'avenir,
74%
mon
74%
n'es
74%
rêver,
74%
vraiment
74%
coeur
68%
guérir
68%
mine
68%
non,
68%
non
68%
passer
68%
qui
68%
réalité
68%
senti
68%
ton
68%
ah,
63%
aimé
63%
asséchées
63%
cette
63%
imaginer
63%
n'avoir
63%
poitrine
63%
sens
63%
côté
58%
faire,
58%
J'ai
58%
lèvres
58%
N'empêche
58%
plus
58%
pour
58%
resteras,
58%
s'arrête
58%
Si
58%
t'aimer,
58%
tant
58%
alors
53%
cesserai
53%
construire
53%
jamais
53%
mort
53%
seulement
53%
hum,
47%
hum
47%
sois
47%
glissent
42%
laissé
42%
on
42%
referme
42%
Qu'endormie
37%
t'avait
32%
oh-oh-oh
16%
Aucun quiz correspondant
Distribution des résultats
% des personnes avec chaque résultat
Percentile par nombre de réponses
Votre historique - résultats
Vous n’avez pas pris ce quiz